| 000 | 00909nam a22002537a 4500 | ||
|---|---|---|---|
| 005 | 20170123164144.0 | ||
| 010 | _aB-210330 | ||
| 020 |
_c150.00 _a8181380266 |
||
| 035 | _aB-210330 | ||
| 037 | _bCen Lib/Ret | ||
| 040 |
_aDPL _bPN |
||
| 082 |
_aਕ _bਰੂਪਸਿੰ |
||
| 100 |
_aਰੂਪ ਸਿੰਘ _92233 |
||
| 245 |
_aਇਨ੍ਹੀ ਦਿਨੀਂਂ / _cਰੂਪ ਸਿੰਘ |
||
| 246 |
_aInhi dini / _bby Roop singh |
||
| 260 |
_aਦਿੱਲੀ _bਔਮ. ਪੀ. ਪ੍ਰਕਾਸ਼ਨ _c2007 |
||
| 270 |
_aਸ਼ੋਪ ਨ. 712/190, ਗੀਤਾ ਕਾਲੋਨੀ _bਦਿੱਲੀ _e110031 |
||
| 300 |
_a128p ; _c20cm |
||
| 650 |
_aਪੰਜਾਬੀ-- ਸਾਹਿਤ _9128911 |
||
| 650 |
_aਪੰਜਾਬੀ-- ਕਹਾਣੀਆ _9128912 |
||
| 650 |
_a literature--Punjabi _9128913 |
||
| 650 |
_a Punjabi - story _9128914 |
||
| 942 |
_2ddc _cPN _hਕ _mਰੂਪਸਿੰ |
||
| 999 |
_c109872 _d109872 |
||